La misión de la Iglesia en América Latina : un estudio sobre el debate teológico y eclesial en América Latina (1955-1992), con atención al aporte de algunos teólogos de la Compañía de Jesús /

Detalles Bibliográficos
Autor principal: Menéndez Martínez, Valentín, 1939- (Autor)
Formato: Electrónico eBook
Lenguaje:español
Publicado: Ciudad de Guatemala, Guatemala : 1 online resource. Universidad Rafael Landívar, Editorial Cara Parens, 2023. =300 \\
Colección:Colección Teología iberoamericana ; 2.
Materias:
Acceso en línea:Digitalia Hispánica

MARC

LEADER 00000nam a2200000Ii 4500
001 DIGCARPAR0030
003 NyNyDIG
006 m o d
007 cr |||||||||||
008 240202s2023 gt ob 000 0 spa d
035 |a (OCoLC)1422054545 
040 |a DGITA  |b eng  |e rda  |e pn  |c DGITA 
020 |a 9789929545106  |q edición digital  |q ePub 
020 |z 9789929545083  |q edición física 
043 |a s-cl--- 
050 1 4 |a BX1426.2 ebook 
100 1 |a Menéndez Martínez, Valentín,  |d 1939-  |e author. 
245 1 3 |a La misión de la Iglesia en América Latina :  |b un estudio sobre el debate teológico y eclesial en América Latina (1955-1992), con atención al aporte de algunos teólogos de la Compañía de Jesús /  |c Valentín Menéndez Martínez. 
264 1 |a Ciudad de Guatemala, Guatemala :  |b Universidad Rafael Landívar, Editorial Cara Parens,  |c 2023. =300 \\  |a 1 online resource. 
336 |a text  |b txt  |2 rdacontent 
337 |a computer  |b c  |2 rdamedia 
338 |a online resource  |b cr  |2 rdacarrier 
347 |a text file  |2 rdaft 
347 |b EPUB 
490 1 |a Colección "Teología iberoamericana" ;  |v 2 
504 |a Includes bibliographical references. 
588 0 |a Online resource; title from ePub title page (Digitalia, viewed February 2, 2024) 
610 2 0 |a Catholic Church  |z Latin America. 
610 2 0 |a Jesuits  |x Missions  |z Latin America. 
791 2 |a Digitalia (Firm),  |e distributor. 
793 0 |g Digitalia eBook Collection:  |a Editorial Cara Parens 
776 0 8 |i Print version:  |a Menéndez Martínez, Valentín, 1939-  |t Misión de la Iglesia en América Latina.  |d Ciudad de Guatemala, Guatemala : Universidad Rafael Landívar, Editorial Cara Parens, 2023  |z 9789929545083 
830 0 |a Colección Teología iberoamericana ;  |v 2. 
856 4 0 |3 Digitalia Hispánica  |u https://www.digitaliapublishing.com/a/130580/ 
910 |a Premium collection: 2024